Statistics for All-NBA First Team Players Since 1956

Click here to take the quiz!

General Stats

  • This quiz has been taken 294 times
    (90 since last reset)
  • The average score is 75 of 96

Answer Stats

Player% Correct
Lebron James
100%
Magic Johnson
100%
Stephen Curry
100%
Jerry West
100%
Shaquille O'Neal
98%
Lew Alcindor
98%
DeAndre Jordan
98%
Russell Westbrook
98%
Michael Jordan
98%
Hakeem Olajuwon
98%
James Harden
98%
Kareem Abdul-Jabbar
98%
Kobe Bryant
98%
Larry Bird
97%
Steve Nash
97%
Chris Paul
97%
Scottie Pippen
97%
Dwight Howard
95%
Kevin Durant
95%
Julius Erving
95%
Dwyane Wade
95%
Tim Duncan
95%
Wilt Chamberlain
95%
Patrick Ewing
93%
Isiah Thomas
93%
Karl Malone
93%
Moses Malone
93%
Dirk Nowitzki
93%
Dennis Johnson
93%
Allen Iverson
93%
Marques Johnson
93%
Kevin Garnett
93%
Charles Barkley
93%
Anthony Davis
93%
Giannis Antetokounmpo
93%
Jason Kidd
92%
Truck Robinson
92%
David Robinson
92%
Bill Russell
92%
Marc Gasol
90%
Clyde Drexler
88%
Luka Dončić
88%
Derrick Rose
88%
Kawhi Leonard
88%
Damian Lillard
88%
Bob Cousy
87%
Kevin McHale
87%
Oscar Robertson
87%
John Stockton
85%
Tracy McGrady
85%
Bob Pettit
85%
Nikola Jokić
85%
Paul George
82%
John Havlicek
82%
Bill Walton
80%
Tim Hardaway
80%
George Gervin
80%
Penny Hardaway
80%
David Thompson
80%
Elgin Baylor
78%
Gary Payton
78%
Chris Mullin
75%
Elvin Hayes
75%
Pete Maravich
73%
Rick Barry
73%
Grant Hill
72%
Mark Price
72%
Amare Stoudemire
70%
Alonzo Mourning
70%
Joakim Noah
70%
Dominique Wilkins
70%
Willis Reed
70%
Nate Archibald
68%
Walt Frazier
68%
Wes Unseld
68%
Gus Williams
67%
Chris Webber
67%
Bob McAdoo
67%
Latrell Sprewell
63%
Bernard King
63%
Dolph Schayes
62%
Earl Monroe
53%
Paul Arizin
50%
Sidney Moncrief
50%
Jerry Lucas
43%
Paul Westphal
40%
Dave Bing
40%
Bill Sharman
38%
Billy Cunningham
38%
Gail Goodrich
37%
Neil Johnston
35%
George Yardley
30%
Spencer Haywood
28%
Connie Hawkins
23%
Gene Shue
22%
George McGinnis
18%

Score Distribution

Percentile by Number Answered

Percent of People with Each Score

Your Score History

You have not taken this quiz since the last reset